| 000 | 00952nam a2200265 a 4500 | ||
|---|---|---|---|
| 001 | 46209 | ||
| 003 | BD-RjUL | ||
| 005 | 20211209054125.0 | ||
| 008 | 1608 s1946 II a b 000 0 eng | ||
| 035 | _a(BD-RjUL)46327 | ||
| 040 |
_aDLC _cCarP _dDLC _dBD-RjUL _beng |
||
| 041 | _aeng | ||
| 082 |
_223 _a332.1 _bJUA 1957 |
||
| 100 | 2 |
_aMir Khan, Muhammad. _9141164 |
|
| 245 | 1 | 4 |
_aThe A. B. C. of central banking : _bwith special reference to India and Hyderabad / _cMuhammad Mir Khan; S Kesava Iyengar |
| 260 |
_aBangalore City : _bIndia Bangalore Print. & Pub. Co., _c[?] |
||
| 300 |
_axvii, 555 p. : _bill. ; _c25 cm. |
||
| 650 | 0 |
_aBanks and banking. _9141165 |
|
| 650 | 0 |
_aBanks and banking _zIndia. _9141166 |
|
| 650 | 0 |
_aBanks and banking _zIndia _zHyderabad. _9141167 |
|
| 651 | 0 |
_aIndia _xEconomic policy. _9141168 |
|
| 700 | 1 |
_aIyengar, S. Kesava, _d1894- [from old catalog] _ejoint author. _9141169 |
|
| 942 |
_2ddc _cBK |
||
| 999 |
_c46209 _d46209 |
||